Cagliari Calcio Squad 2024-2025 - Statistics

General Stats
  • This quiz has been taken 279 times
    150 since last reset
  • The average score is 20 of 29
Answer Stats
# Position Nation Player % Correct
77 FW Angola Zito Luvumbo
90%
25 GK Italy Elia Caprile
89%
26 DF Colombia Yerry Mina
86%
91 FW Italy Roberto Piccoli
83%
9 FW Peru Gianluca Lapadula
82%
18 MF Romania Răzvan Marin
80%
- Coach Italy Davide Nicola
78%
6 DF Italy Sebastiano Luperto
77%
22 GK Italy Simone Scuffet
77%
28 DF Italy Gabriele Zappa
76%
10 MF Italy Nicolas Viola
74%
29 MF Congo Antoine Makoumbou
70%
70 MF Italy Gianluca Gaetano
70%
19 MF Italy Nadir Zortea
70%
9 FW Romania Florinel Coman
68%
30 FW Italy Leonardo Pavoletti
68%
33 DF Slovakia Adam Obert
66%
21 MF Czech Republic Jakub Jankto
65%
16 MF Italy Matteo Prati
65%
3 DF Italy Tommaso Augello
65%
97 FW Italy Mattia Felici
64%
71 GK Albania Alen Sherri
63%
14 MF Italy Alessandro Deiola
62%
8 MF France Michel Adopo
62%
24 DF Argentina José Luis Palomino
55%
80 FW Zambia Kingstone Mutandwa
53%
37 DF Brazil Paulo Azzi
43%
23 DF Poland Mateusz Wieteska
40%
1 GK Italy Giuseppe Ciocci
34%
No matching quizzes found
Score Distribution
Percent of People with Each Score
Percentile by Number Answered
Your Score History
You have not taken this quiz since the last reset